Все минералы Южного Урала (Запись № 11840858)
[ простой вид ]
| 000 -МАРКЕР | |
|---|---|
| контрольное поле | 01764nam0a2200313 i 4500 |
| 001 - ИДЕНТИФИКАТОР ЗАПИСИ | |
| контрольное поле | RU\NLR\BIBL_A\011185817 |
| 005 - ИДЕНТИФИКАТОР ВЕРСИИ | |
| контрольное поле | 20260405131615.0 |
| 035 ## - ДРУГИЕ СИСТЕМНЫЕ НОМЕРА | |
| Идентификатор записи | (NLR Aleph) 011185817 |
| 100 ## - ДАННЫЕ ОБЩЕЙ ОБРАБОТКИ | |
| Данные общей обработки | 20160728d2014 um y0rusy50 ca |
| 101 0# - ЯЗЫК РЕСУРСА | |
| Язык текста, звукозаписи и т.д. | русский |
| 102 ## - СТРАНА ПУБЛИКАЦИИ ИЛИ ПРОИЗВОДСТВА | |
| Страна публикации | Российская Федерация |
| 105 ## - ПОЛЕ КОДИРОВАННЫХ ДАННЫХ: ТЕКСТОВЫЕ МАТЕРИАЛЫ, МОНОГРАФИЧЕСКИЕ | |
| Кодированные данные о монографическом текстовом документе | a|||f|||001yy |
| 200 1# - ЗАГЛАВИЕ И СВЕДЕНИЯ ОБ ОТВЕТСТВЕННОСТИ | |
| Основное заглавие | Все минералы Южного Урала |
| Наименование части | Минералы Челябинской области |
| Сведения, относящиеся к заглавию | энциклопедия уральского камня |
| Первые сведения об ответственности | С. В. Колисниченко, В.А. Попов, С.Г. Епанцинцев, А.М. Кузнецов |
| Последующие сведения об ответственности | Ин-т минералогии УрО РАН, Челяб. гос. краевед. музей |
| 210 ## - ПУБЛИКАЦИЯ, РАСПРОСТРАНЕНИЕ И ДР. | |
| Место издания, распространения и т.д. | Челябинск |
| Имя издателя, распространителя и т. д. | Санарка |
| Дата издания, распространения и т.д. | 2014 |
| 215 ## - ФИЗИЧЕСКАЯ ХАРАКТЕРИСТИКА | |
| Специфическое обозначение материала и объем | 623, [1] с. |
| Другие сведения о физической характеристике | ил., цв. фот. |
| Размеры | 30 |
| 320 ## - ПРИМЕЧАНИЯ О НАЛИЧИИ В ДОКУМЕНТЕ БИБЛИОГРАФИИ / УКАЗАТЕЛЯ | |
| Текст примечания | Указ. минералов: с. 613-619 |
| 606 ## - НАИМЕНОВАНИЕ ТЕМЫ КАК ПРЕДМЕТ | |
| Наименование темы | Минералы |
| Формальный подзаголовок | Справочники |
| Географический подзаголовок | Урал Южный |
| Системный номер авторитетной/нормативной записи | 1270069 |
| Идентификатор авторитетной/нормативной записи | RU\NLR\AUTH\66204885 |
| 686 ## - ИНДЕКСЫ ДРУГИХ КЛАССИФИКАЦИЙ | |
| Индекс | 26.325(2Р36-4Че)я2 |
| Издание | LBC/RL |
| Код системы | |
| 686 1# - ИНДЕКСЫ ДРУГИХ КЛАССИФИКАЦИЙ | |
| Индекс | Д330.09(2Р36,7)я2 |
| 701 #1 - ИМЯ ЛИЦА - АЛЬТЕРНАТИВНАЯ ОТВЕТСТВЕННОСТЬ | |
| Код отношения | Автор |
| -- | Фотограф |
| Начальный элемент ввода | Колисниченко |
| Часть имени, кроме начального элемента ввода | С. В. |
| Расширение инициалов личного имени | Сергей Васильевич |
| Системный номер авторитетной/нормативной записи | 160820 |
| Идентификатор авторитетной/нормативной записи | RU\NLR\AUTH\770160862 |
| 701 #1 - ИМЯ ЛИЦА - АЛЬТЕРНАТИВНАЯ ОТВЕТСТВЕННОСТЬ | |
| Код отношения | Автор |
| -- | Фотограф |
| Графика поля | Кириллица |
| Материалы, к которым относится поле | rus |
| Начальный элемент ввода | Попов |
| Часть имени, кроме начального элемента ввода | В. А. |
| Дополнения к именам, кроме дат | д-р геол.-минерал. наук |
| Даты | 1941- |
| Расширение инициалов личного имени | Владимир Анатольевич |
| Системный номер авторитетной/нормативной записи | 35511 |
| Идентификатор авторитетной/нормативной записи | RU\NLR\AUTH\7752578 |
| 701 #1 - ИМЯ ЛИЦА - АЛЬТЕРНАТИВНАЯ ОТВЕТСТВЕННОСТЬ | |
| Начальный элемент ввода | Епанчинцев |
| Часть имени, кроме начального элемента ввода | С. Г. |
| Дополнения к именам, кроме дат | минералог |
| Расширение инициалов личного имени | Сергей Г. |
| Системный номер авторитетной/нормативной записи | 160816 |
| Идентификатор авторитетной/нормативной записи | RU\NLR\AUTH\770160858 |
| 701 #1 - ИМЯ ЛИЦА - АЛЬТЕРНАТИВНАЯ ОТВЕТСТВЕННОСТЬ | |
| Начальный элемент ввода | Кузнецов |
| Часть имени, кроме начального элемента ввода | А. М. |
| Дополнения к именам, кроме дат | минералог |
| Расширение инициалов личного имени | Алексей М. |
| Системный номер авторитетной/нормативной записи | 160815 |
| Идентификатор авторитетной/нормативной записи | RU\NLR\AUTH\770160857 |
| 801 #0 - ИСТОЧНИК ЗАПИСИ | |
| Страна | Российская Федерация |
| Организация | Челябинская ОУНБ |
| Дата составления | 20140618 |
| Правила каталогизации | rcr |
| Источник данных | rusmarc |
| 942 ## - ДОПОЛНИТЕЛЬНЫЕ ЭЛЕМЕНТЫ ЗАПИСИ (АБИС) | |
| Тип экземпляра АБИС | Книга |
| 980 ## - КОЛЛЕКЦИЯ | |
| Название коллекции | НБР |
Нет доступных экземпляров.